=LDR 00000nam 2200000 4500 =001 001180 =005 20250710122728 =035 ##$$a 0010-0725000097 =007 ta =008 250710################a##########0#ind## =082 ##$$a 398.209 598 =100 #$$a Srinivasan,Shalini =245 1#$$a Manasa Mengumpulkan warna-warni Pelangi /$c Shalini Shrinivasan =250 ##$$a Pertama =260 ##$$a Jakarta Timur :$b Badan Pengembangan dan Pembinaan Bahasa,$c 2022 =300 ##$$a 20hlm. : $b ilus. ; $c 22,9cm =650 #4$$a cerita anak indonesia-terjemahan, literasi-bahan bacaan =700 #$$a Pia Alize Hazarika =856 ##$$a TBM AS-SYUHADA